| 000 | 00509nam a22001817a 4500 | ||
|---|---|---|---|
| 003 | SISC | ||
| 005 | 20160301134822.0 | ||
| 008 | 140428b xxu||||| |||| 00| 0 eng d | ||
| 020 | _a087218014X | ||
| 050 |
_aPS 3545 _b.Sk629 1981 |
||
| 100 | _aSkubik, Stephen J. | ||
| 245 |
_aSmile with me / _cStephen J. Skubik, Lois Dutton. |
||
| 260 |
_aOhio : _bThe national Underwriter Company, _c1981. |
||
| 300 |
_aXv, 152 p. : _bill ; _c18 cm. |
||
| 650 | _aInsurance Industry | ||
| 942 |
_2lcc _cBK |
||
| 999 |
_c115537 _d115537 |
||